Cruising: (Record no. 967)

MARC details
000 -LEADER
fixed length control field 00634nam a22001937a 4500
005 - DATE AND TIME OF LATEST TRANSACTION
control field 20230208054709.0
008 - FIXED-LENGTH DATA ELEMENTS--GENERAL INFORMATION
fixed length control field 230208b |||||||| |||| 00| 0 eng d
020 ## - INTERNATIONAL STANDARD BOOK NUMBER
International Standard Book Number 981-265-638-3
082 ## - DEWEY DECIMAL CLASSIFICATION NUMBER
Classification number 910.45 M269 2006
100 ## - MAIN ENTRY--PERSONAL NAME
Personal name Mancini, Marc
Relator term author
245 ## - TITLE STATEMENT
Title Cruising:
Remainder of title a guide to the cruise line industry /
Statement of responsibility, etc. Marc Mancini
250 ## - EDITION STATEMENT
Edition statement 2nd ed.
260 ## - PUBLICATION, DISTRIBUTION, ETC.
Place of publication, distribution, etc. Australia:
Name of publisher, distributor, etc. Thomson Learning,
Date of publication, distribution, etc. c2006
300 ## - PHYSICAL DESCRIPTION
Extent xi, 212p.:
Other physical details ill.
504 ## - BIBLIOGRAPHY, ETC. NOTE
Bibliography, etc. note Includes bibliographies and index
541 ## - IMMEDIATE SOURCE OF ACQUISITION NOTE
Accession number 1291 c.1, 1292 c.2, 1293 c.3, 1294 c.4, 1295 c.5, 1296 c.6, 1297 c.7, 2334 c.8
650 ## - SUBJECT ADDED ENTRY--TOPICAL TERM
Topical term or geographic name entry element Ocean travel
650 ## - SUBJECT ADDED ENTRY--TOPICAL TERM
Topical term or geographic name entry element Voyages and travel
Holdings
Withdrawn status Lost status Source of classification or shelving scheme Damaged status Not for loan Home library Current library Date acquired Total Checkouts Full call number Barcode Date last seen Copy number Price effective from Koha item type
    Dewey Decimal Classification     ctu-moalboal ctu-moalboal 06/13/2011   910.45 M269 2006 1291 02/08/2023 1 02/08/2023 Books-Reference
    Dewey Decimal Classification     ctu-moalboal ctu-moalboal 06/13/2011   910.45 M269 2006 1292 02/08/2023 2 02/08/2023 Books-Reference
    Dewey Decimal Classification     ctu-moalboal ctu-moalboal 06/13/2011   910.45 M269 2006 1293 02/08/2023 3 02/08/2023 Books-Reference
    Dewey Decimal Classification     ctu-moalboal ctu-moalboal 06/13/2011   910.45 M269 2006 1294 02/08/2023 4 02/08/2023 Books-Reference
    Dewey Decimal Classification     ctu-moalboal ctu-moalboal 06/13/2011   910.45 M269 2006 1295 02/08/2023 5 02/08/2023 Books-Reference
    Dewey Decimal Classification     ctu-moalboal ctu-moalboal 06/13/2011   910.45 M269 2006 1296 02/08/2023 6 02/08/2023 Books-Reference
    Dewey Decimal Classification     ctu-moalboal ctu-moalboal 06/13/2011   910.45 M269 2006 1297 02/08/2023 7 02/08/2023 Books-Reference
    Dewey Decimal Classification     ctu-moalboal ctu-moalboal 01/17/2012   910.45 M269 2006 2334 02/08/2023 8 02/08/2023 Books-Reference